000 00276nam a22001337a 4500
020 _a0-7214-0967-9
082 _a823
_bCAR/A
100 _aCOLLINS JOAN
245 _aALICE IN WODERLAND
260 _aUK
_bLADY BIRD
300 _a51
650 _aENGLISH STORY
_zUK
942 _cBK
999 _c1960
_d1960